000 00564nam a2200181 i 4500
001 87960
003 ES-MaACL
005 20230906175756.0
007 t|
008 041229s1960 sp ||||1| spa d
100 1 _aLade, Karl.
_969431
245 1 0 _aYesería y estuco /
_cpor Karl Lade, Adolf Winkler ; traducción de Federico Armenter.
260 _aBarcelona :
_bGustavo Gili,
_c1960.
300 _a419 p. :
_bil. ;
_c31 cm.
700 1 _aArmenter de Monasterio, Federico.
_922956
700 1 _aWinkler, Adolf.
_9117086
852 _aES-MaACL
_jC-19880
_bR.47702
999 _c87960
_d87960